000 00347nam a22001457a 4500
003 MACL
005 20190721153800.0
008 190721b xxu||||| |||| 00| 0 eng d
040 _cMACL
100 _aRoy, M K Ghosh
_976038
245 _aRenewable Energy
260 _aDelhi
_bMedTech
_c2015
650 _aApplied Physic
_976039
942 _2ddc
_cBK
999 _c60601
_d60601